000 00258nam a22001217a 4500
008 180302b xxu||||| |||| 00| 0 eng d
041 _aeng
080 _a62
100 _a27
101 _aIM
245 _aLow level measurements
_cKeithley
942 _2udc
_cBK
999 _c43903
_d43903